| 000 | 00568nam a2200205 a 4500 | ||
|---|---|---|---|
| 001 | 0001-1532 | ||
| 003 | ELIB.Books | ||
| 008 | 170522 2010 eng | ||
| 020 | _a0697034119 | ||
| 092 |
_a783 _bMar |
||
| 100 | _aMarple, Hugo D. | ||
| 245 |
_aJunior High Music _bBackgrounds and Approaches to Junior High Music |
||
| 260 |
_aDubuque, Iowa _bWM. C. Brown Company Publishers _c1975 |
||
| 300 |
_a494 _c23.9 cm |
||
| 650 | _aSacred Music | ||
| 942 |
_2ddc _cBK |
||
| 990 | _a1 | ||
| 998 |
_aEnglishbooks.elf _ccat _e2017-05-22 |
||
| 999 |
_c11532 _d11532 |
||